00393nam a22001457a 450000500170000000800410001702000180005804100120007608200130008810000120010124500280011326000560014130000250019765000250022220240822124106.0240822b |||||||| |||| 00| 0 eng d a9780409033601 aEnglish a349 LAW  lEnglish aThe Lawyer's Pocketbook aDurban: bButterworth Publishers (Pty) Ltd, c2009  b387 pages; c25 cm.  aLegal practicebLaw